000 00720nam a22001937a 4500
999 _c197336
_d197336
005 20230822110956.0
010 _aUR-12145
020 _a9789395400282
_c250.00
035 _aU-10700
037 _bDBAD/PUB
082 _a844
100 _aعبد الو دود انصا ری
245 _aہند وستانی خواتین کی اردو ساءینسی خدمات /
_cعبد الو دود انصا ری
246 _aHindustani khawatin ki urdu sciency khidmaat /
_bby Abdul Wadood Ansari
260 _aNew Delhi
_bEducational Publishing House
_c2022 ء
270 _aH.O. D1/16, Ansari Road, Darya Ganj
_bNew Delhi
_e110002
300 _a116 ص
_c23cm(Hb)
942 _2ddc
_cUR
_mع ب د
_e
_h844